| 000 | 00334nam a2200133Ia 4500 | ||
|---|---|---|---|
| 008 | 191201s2010 xx 000 0 und d | ||
| 082 |
_a004 _bDIC |
||
| 100 | _aDIXIT, J B | ||
| 245 | 0 | _aComputer Fundamentals and Programming in c | |
| 250 | _aRep | ||
| 260 |
_c2010 _bUniversity Press _aNEW DELHI |
||
| 300 | _a548 | ||
| 942 |
_2ddc _cBK _06 |
||
| 999 |
_c7800 _d7800 |
||